00715nam a2200193 i 450000100060000000300090000600500170001500700030003200800410003510000420007624500890011826000470020730000260025450000430028065000380032385200220036199900170038395201210040029719ES-MaACL20250920063032.0t|030122s1919 fr ||||1| fre d1 aBarrès, Maurice, d1862-192392594712aL'Ame française et la guerre. nVIII, pLe Suffrage des morts /cMaurice Barrès. aParis : bE. Paul, c1919 (fChaix et Cie) aXI, 315 p. ; c18 cm. aArticles parus dans 'L'Echo de Paris'.04aGuerra mundial, 1914-1918.913212 aES-MaACLjF-10601 c29719d29719 00104070aATENEOMbATENEOMcSPP2d2008-01-17eSCl0oF-10601p1030684r2023-02-23 00:00:00w2023-02-23yMONOGRAFIA